000 00809nam a2200265 i 4500
001 132058
003 ES-MaACL
005 20251116063104.0
007 t|
008 070214s1973 sp a |||| |dspa d
020 _a84-320-5294-9
080 _a821.134.2-31"19"
080 _a929 Azaña, Manuel (0:82)
100 1 _aRojas, Carlos,
_d1928-
_9161767
245 1 0 _aAzaña
_b: novela /
_cCarlos Rojas.
250 _a1ª ed.
260 _aBarcelona :
_bPlaneta,
_c1973.
300 _a241 p. :
_bil. ;
_c19 cm.
490 1 _aAutores españoles e hispanoamericanos
586 _aPremio Editorial Planeta 1973
600 1 7 _aAzaña, Manuel,1880-1940-
_vNovelas
_2
_9158012
830 0 _aAutores españoles e hispanoamericanos
_9177795
852 _aES-MaACL
_jC-55522
999 _c132058
_d132058